00229nam a2200097Ia 4500008004100000100000900041245002500050260003400075942000700109999001500116190216s9999||||xx |||||||||||||| ||und|| aNull 0aCapitalist Economics b"Progress Publishers, Moscow" cBK c9160d9160